Countries of the World Containing "B" and "Z" - Statistics

General Stats
  • This quiz has been taken 137 times
  • The average score is 6 of 8
Answer Stats
Hint Answer % Correct
1 Zambia
96%
2 Zimbabwe
95%
3 Belize
83%
8 Mozambique
78%
6 Brazil
73%
5 Azerbaijan
65%
7 Bosnia and Herzegovina
64%
4 Uzbekistan
56%
No matching quizzes found
Score Distribution
Percent of People with Each Score
Percentile by Number Answered
Your Score History
You have not taken this quiz